[Event "Barcelona Sant Marti op-B 4th"]
[Site "Barcelona"]
[Date "2015.01.22"]
[Round "2"]
[White "Fernandez Cespedes, Miquel"]
[Black "Tomas Martinez, Angel"]
[Result "1-0"]
[WhiteElo "1828"]
[BlackElo "1724"]
[PlyCount "39"]
[EventDate "2015.01.15"]
[EventType "swiss"]
[EventRounds "9"]
[EventCountry "ESP"]
[SourceTitle "EXT 2016"]
[Source "ChessBase"]
[SourceDate "2015.10.08"]
[SourceVersion "1"]
[SourceVersionDate "2015.10.08"]
[SourceQuality "1"]

1. c4 g6 2. Nc3 Bg7 3. e4 d6 4. g3 Nf6 5. Bg2 0-0 6. Nge2 e5 7. 0-0 Nc6 8. d3 Be6 9. h3 Qd7 10. Kh2 Rad8 11. Be3 a6 12. Rc1 h6 13. Qd2 Kh7 14. Nd5 b6 15. Nxf6+ Bxf6 16. Bxh6 Rh8 17. Bg5 Kg7 18. Bxf6+ Kxf6 19. h4 g5 20. Qxg5# 1-0

[Event "Roncana op-C 5th"]
[Site "Santa Eulalia de Roncana"]
[Date "2011.10.22"]
[Round "4"]
[White "Parra Ordorica, Gorka"]
[Black "Tomas Martinez, Angel"]
[Result "0-1"]
[WhiteElo "1739"]
[BlackElo "1700"]
[PlyCount "78"]
[EventDate "2011.10.01"]
[EventType "swiss"]
[EventRounds "8"]
[EventCountry "ESP"]
[SourceTitle "EXT 2013"]
[Source "ChessBase"]
[SourceDate "2012.11.22"]
[SourceVersion "1"]
[SourceVersionDate "2012.11.22"]
[SourceQuality "1"]

1. e4 e5 2. Nf3 d6 3. Bc4 Be6 4. Bb5+ c6 5. Ba4 Nf6 6. Nc3 Nbd7 7. d3 Be7 8. 0-0 0-0 9. Bg5 h6 10. Bh4 d5 11. Re1 Nh5 12. Bxe7 Qxe7 13. Qe2 Nc5 14. Rad1 Nxa4 15. Nxa4 Qf6 16. d4 Nf4 17. Qd2 Nh3+ 18. Kf1 Ng5 19. Nxg5 Qxg5 20. Qd3 dxe4 21. Qxe4 Bd5 22. Qd3 Qxg2+ 23. Ke2 b5 24. Nc5 Bc4 25. Rg1 Bxd3+ 26. cxd3 Qd5 27. Rg4 exd4 28. Ne4 f5 29. Rg6 fxe4 30. dxe4 Qxe4+ 31. Kd2 Qxg6 32. Rf1 Rf6 33. f4 Qg2+ 34. Kc1 Qxf1+ 35. Kc2 Qc4+ 36. Kd2 Re8 37. Kd1 Qe2+ 38. Kc1 d3 39. Kb1 Qf1# 0-1